00641nam a22002177a 4500003000500000005001700005008004100022010001000063011001000073035001000083040000900093082001700102111007900119245001200198260009400210300003100304490002500335650001600360650002200376830002500398CHAP20220329140719.0971013s1985 r 10010 d a56401 a57373 a61528 cCHAP a634.9751bS500aSimposium Nacional sobre Pinos Piñoneros (n1d: 1985c: Linares, N. L.) aMemoria aLinares, N. L. :bUniversidad Autónoma de Nuevo León. Facultad de Silvicultura,c1985 a248 p.b: ilus. ; gráfs. aReporte científico14aPináceas.14aPinus cembroides.0 aReporte científico